00601nam a22001577a 450000500170000001000150001702000310003203500140006303700130007708200120009024501020010226000440020427000770024830000960032570000220042120210331173522.0 aENG-129364 a978-93-5388-427-7c1295.00 aEN-112896 bDBAD/PUB a370.954 aTribal Development in India: Challenges and prospects in tribal education/cEdited by R. R. Patil aNew DelhibSage Publication Indiac2020 aB1/1-1 Mohan Cooperative Industrial Area Mathura RoadbNew Delhie110044 axv+332p.c22cm(hbk)bIncluding illustrations, tables, bibliographical references and index. aPatil, R. R., Ed.